Score 0/51 Timer 02:00
0 Plays Today
State Beer % Correct
ARBud Light
87.9%
IABud Light
87.9%
KSBud Light
87.9%
KYBud Light
87.9%
LABud Light
87.9%
MIBud Light
87.9%
MSBud Light
87.9%
MOBud Light
87.9%
MTBud Light
87.9%
NDBud Light
87.9%
SDBud Light
87.9%
TXBud Light
87.9%
WYBud Light
87.9%
INCoors Light
79%
OKCoors Light
79%
WIMiller Lite
62.2%
CTSam Adams Boston Lager
59%
ILSam Adams Boston Lager
59%
MESam Adams Boston Lager
59%
MASam Adams Boston Lager
59%
NHSam Adams Boston Lager
59%
NJSam Adams Boston Lager
59%
RISam Adams Boston Lager
59%
VTSam Adams Boston Lager
59%
CACorona Extra
50.3%
HICorona Extra
50.3%
State Beer % Correct
ALYuengling
35.8%
DCYuengling
35.8%
DEYuengling
35.8%
FLYuengling
35.8%
OHYuengling
35.8%
PAYuengling
35.8%
TNYuengling
35.8%
WVYuengling
35.8%
AKBlue Moon
31.2%
AZBlue Moon
31.2%
COBlue Moon
31.2%
GABlue Moon
31.2%
IDBlue Moon
31.2%
MDBlue Moon
31.2%
MNBlue Moon
31.2%
NEBlue Moon
31.2%
NVBlue Moon
31.2%
NMBlue Moon
31.2%
NYBlue Moon
31.2%
NCBlue Moon
31.2%
ORBlue Moon
31.2%
SCBlue Moon
31.2%
UTBlue Moon
31.2%
VABlue Moon
31.2%
WABlue Moon
31.2%
Remove Ads.
Support Sporcle.
Get the best of Sporcle when you Go Orange. This ad-free experience offers more features, more stats, and more fun while also helping to support Sporcle. Thank you for becoming a member.

You're not logged in!

Compare scores with friends on all Sporcle quizzes.
OR
Log In

Show Comments

Extras

Top Quizzes Today


Score Distribution

Your Account Isn't Verified!

In order to create a playlist on Sporcle, you need to verify the email address you used during registration. Go to your Sporcle Settings to finish the process.

Report this User

Report this user for behavior that violates our Community Guidelines.

Details: